00768nam a22002297a 450000500170000001000150001702000180003203500140005003500170006403700130008103700170009408200130011110000160012424500720014025000080021226000640022027000650028430000220034994200270037199900190039895201210041720240130144436.0 aENG-139089 a9789354095801 aEN-122621 aB-513991-996 bDBAD/PUB bBSB/Venadpl04a92021st1 d202296145310aFirst CitizenbPictorial Record of President Ram Nath Kovind's Term a1st aNew DelhibThe Director General, Publication Divisionc2022 aSoochna Bhawan, C.G.O. Complex, Lodhi Road, New Delhi-110003 a309 p. c30cm(Hb) 2ddccENh920mFIRe1st c200455d200455 001040718REFaZLSbZLSd2024-01-30eDBAD/PUBg2650.00l0o920 FIRpEN-122621r2024-01-30 00:00:00w2024-01-30yEN